000 00937nam a2200241Ia 4500
001 181
003 GE_BSU
008 181216s||||||||xx |||||||||||||| ||und||
020 _a9789941130908
040 _cGE_BSU
080 _aUDC:911.53(479.22)
100 _aდავითაია, ეთერ; სეფერთელაძე,ზურაბ
245 _aანთროპოგენური ლანდშაფტები
245 _bანალიზი და სინთეზი
245 _cრედაქტორი ელიზბარაშვილი,ნოდარ
260 _aთბილისი
260 _bთბილისის უნივერსიტეტის გამომცემლობა
260 _c2009
300 _a152 გვ.
541 _h20 ლ.
653 _aანთროპოგენური ლანდშაფტები
942 _cBK
999 _c34439
_d34439